Tesis

Diferencias sociales en la construcción de la identidad femenina contemporánea : la relación maternidad/trabajo para madres de niños infantes

Guardado en:
Detalles Bibliográficos
Autor principal: Frezzotti, Yanina
Otros Autores: Castilla, María Victoria, dir. de tesis (Orientador), Barrancos, Dora (Orientador, dir. de tesis)
Formato: Tesis
Idioma:español
Publicado: 2012
Materias:

MARC

LEADER 00000Cam#a2200000#a#4500
001 025217
003 AR-BeUNQ
005 20220824122915.0
008 130930s2012####ag # ##m a000|0#spa#d
999 |c 1201  |d 76588 
040 |a AR-BeUNQ  |b spa  |e aacr 
082 0 4 |a 305.42  |2 21 
100 1 |a Frezzotti, Yanina. 
245 0 2 |a Diferencias sociales en la construcción de la identidad femenina contemporánea :   |b la relación maternidad/trabajo para madres de niños infantes  |c Yanina Frezzotti. 
260 |a 2012 
300 |a 144 p. ;   |c 30 cm. 
500 |a Director de tesis: Dra. María Victoria Castilla. 
500 |a Co-director de tesis: Dra. Dora Barrancos. 
500 |a Trabajo de tesis presentado para la obtención del grado de Magíster en Ciencias Sociales y Humanidades. 
502 |a Tesis (maestría) -- Universidad Nacional de Quilmes, 2012. 
504 |a Incluye referencias bibliográficas y bibliografía ( p. 137-144). 
594 |a MAESTRIA EN CIENCIAS SOCIALES Y HUMANIDADES 
650 7 |a Trabajadoras  |2 toit 
650 7 |a Maternidad  |2 toit 
650 7 |a Mujeres  |2 spines 
650 7 |a Familias  |2 spines 
650 7 |a Condiciones económicas  |2 spines 
650 7 |a Sociedad  |2 toit 
651 7 |a Argentina  |2 spines 
653 |a Subjetividad 
655 4 |a Tesis de maestría 
700 1 |a Castilla, María Victoria,   |d dir. de tesis.  |4 ths 
700 1 |a Barrancos, Dora,   |e dir. de tesis  |4 ths 
929 |a DONACION  |b Secretaría de Posgrado  |d 0  |e 20130912  |f PAT0050678  |g 2400 Exp. 827-0387/98  |j 49770 
942 |c TM  |n 0